Raw materials and Pacific economic integration
Salvato in:
| Autore principale: | |
|---|---|
| Natura: | Libro |
| Lingua: | Undetermined |
| Pubblicazione: |
Canberra
Australian National University Press
1978
|
| Soggetti: | |
| Tags: |
Aggiungi Tag
Nessun Tag, puoi essere il primo ad aggiungerne! !
|
| Thư viện lưu trữ: | Trung tâm Học liệu Trường Đại học Cần Thơ |
|---|
| LEADER | 00630nam a2200205Ia 4500 | ||
|---|---|---|---|
| 001 | CTU_90436 | ||
| 008 | 210402s9999 xx 000 0 und d | ||
| 082 | |a 382 | ||
| 082 | |b C899 | ||
| 100 | |a John Crawford | ||
| 245 | 0 | |a Raw materials and Pacific economic integration | |
| 245 | 0 | |c John Crawford ... [et al.]. | |
| 260 | |a Canberra | ||
| 260 | |b Australian National University Press | ||
| 260 | |c 1978 | ||
| 650 | |a raw materials,pacific area.,australia,japan | ||
| 650 | |x economic integration,commerce.,commerce. | ||
| 650 | |z pacific area. | ||
| 904 | |i Năm | ||
| 980 | |a Trung tâm Học liệu Trường Đại học Cần Thơ | ||